000 00492nam a2200181Ia 4500
005 20240913125823.0
008 240913s9999||||xx |||||||||||||| ||und||
041 _aENGLISH
082 _A616.96 Q7
100 _aChatterjee K D
245 0 _aParasitology (Protozoology and Helminthology)
250 _a13th
260 _c2017
_bCBS Publishers & Distrib
500 _aREFERENCE
650 _aHuman Genetics and Molecular Biology
_bAllied Health Science
942 _cREF
999 _c246338
_d246338